| Поле | Название | Значение |
| |
Тип записи |
a |
| |
Библиографический уровень |
m |
| 001 |
Контрольный номер |
RuMoRGB-006746490 |
| 005 |
Дата корректировки |
20201206204926.2 |
| 010 |
Индекс ISBN |
__ |
| a |
ISBN |
978-5-238-02533-9 (в пер.) |
| d |
Цена |
999-00 |
| 100 |
Данные общей обработки |
__ |
| a |
Данные общей обработки |
19140918d2013||||||| 0rusy0189 ca |
| 101 |
Язык документа |
0_ |
| a |
Язык текста |
rus |
| 102 |
Страна публикации |
__ |
| a |
Страна публикации |
ru| |
| 105 |
Кодированные данные (монография) |
__ |
| a |
Кодированные данные (монография) |
||||zzzz000zy |
| 200 |
Заглавие и сведения об ответственности |
1_ |
| a |
Заглавие |
Административно-правовой режим оборота ценных бумаг в Российской Федерации |
| e |
Сведения, относящиеся к заглавию |
монография : научная специальность 12.00.14 "Административное право; административный процесс" |
| f |
Первые сведения об ответственности |
Н. С. Чучунова ; под ред. Н. М. Чепурновой |
| b |
Общее обозначение материала |
Текст |
| 210 |
Выходные данные |
__ |
| a |
Место издания |
Москва |
| c |
Издательство |
ЮНИТИ-ДАНА |
| c |
Издательство |
Закон и право |
| d |
Дата издания |
2013 |
| 215 |
Физическое описание |
__ |
| a |
Объем |
302, [1] с. |
| d |
Формат |
22 см |
| 225 |
Серия |
__ |
| a |
Серия |
Научные издания для юристов |
| 300 |
Общие примечания |
__ |
| a |
Общие примечания |
1000 экз. |
| 320 |
Библиография |
__ |
| a |
Библиография |
Библиогр.: с. 282-301 и в подстроч. примеч. |
| 330 |
Аннотация |
__ |
| a |
Аннотация |
Представлен комплексный системный анализ теоретических и правоприменительных проблем административно-правового регулирования оборота ценных бумаг. Предложена концепция административно-правового режима оборота ценных бумаг, его сущности и содержания, механизма, форм и методов административно-правового регулирования отношений, имеющих публичный характер в сфере оборота ценных бумаг, системы регулирования, контроля и защиты прав субъекта оборота. Для специалистов в области административного права и процесса. |
| 606 |
Тематические рубрики |
__ |
| a |
Основная рубрика |
Право |
| 606 |
Тематические рубрики |
__ |
| a |
Основная рубрика |
Обязательственное право |
| 610 |
Ключевые слова |
__ |
| a |
Ключевые слова |
административная ответственность |
| a |
Ключевые слова |
административное управление |
| a |
Ключевые слова |
арбитражное судопроизводство |
| 610 |
Ключевые слова |
__ |
| a |
Ключевые слова |
административно-правовые режимы |
| a |
Ключевые слова |
административное право |
| a |
Ключевые слова |
административные правонарушения |
| a |
Ключевые слова |
административные правоотношения |
| a |
Ключевые слова |
административные режимы |
| a |
Ключевые слова |
корпоративные споры |
| a |
Ключевые слова |
оборот ценных бумаг |
| a |
Ключевые слова |
ценные бумаги |
| 686 |
Индексы других классификаций |
__ |
| 2 |
Код системы |
rubbks |
| a |
Классификационный индекс |
67.404.212(2Рос) |
| 700 |
Автор |
_1 |
| a |
Фамилия |
Чучунова |
| b |
Имя |
Н. С. |
| g |
Полное личное имя |
Наталья Сергеевна |
| 4 |
Код отношения |
070 |
| 702 |
Вторичная интеллектуальная ответственность |
_1 |
| a |
Фамилия |
Чепурнова |
| b |
Имя |
Н. М. |
| 4 |
Код отношения |
Редактор |
| 4 |
Код отношения |
340 |
| 801 |
Источник записи |
_0 |
| a |
Страна |
ru |
| b |
Организация |
Муниципальное бюджетное учреждение культуры "Централизованная библиотечная система" г. Сургут (Центральная городская библиотека им. А. С. Пушкина) |
| c |
Дата составления |
20140918 |
| g |
Правила каталогизации |
КиК/Котельникова |
| 801 |
Источник записи |
_1 |
| a |
Страна |
ru |
| b |
Организация |
Муниципальное бюджетное учреждение культуры "Централизованная библиотечная система" г. Сургут (Центральная городская библиотека им. А. С. Пушкина) |
| c |
Дата составления |
20140918 |
| g |
Правила каталогизации |
КиК/Котельникова |
| 852 |
Данные о местонахождении |
__ |
| j |
Шифр хранения |
67.404.212(2Рос) |
| i |
Авторский знак |
Ч-96 |
| 901 |
Тип документа |
__ |
| t |
Тип документа |
m |
| 903 |
Характеристики (МАРС) |
__ |
| a |
Дата передачи |
20140919 |
| 990 |
Данные о заказе (DOS) |
__ |
| j |
Количество экземпляров (DOS) |
1 |
| t |
N записи в КСУ для И/У (DOS) |
201409 |